| 000 | 00972nam a2200325 4500 | ||
|---|---|---|---|
| 001 | 19975 | ||
| 003 | SK-KTurca | ||
| 005 | 20251219181643.0 | ||
| 008 | 250904s2025 xo 000 0 slo | ||
| 020 |
_a9788081644092 _q(viaz.) |
||
| 040 |
_aSNK _bslo _cSNK _erda |
||
| 041 | 1 |
_aslo _heng |
|
| 044 |
_axo _cSK |
||
| 072 | 7 |
_a821-311.9 _xAnglická próza _2konspekt |
|
| 080 |
_a821.111-31 _22011 |
||
| 100 | 1 |
_aMcFadden, Freida _4aut |
|
| 240 | 1 | 0 |
_aThe Crash _lSlovensky |
| 245 | 1 | 0 |
_aNehoda _cFreida McFadden ; prel. Dorota Lamačková |
| 260 |
_a[Bratislava] _bMotýľ _c2025 |
||
| 300 | _a360 strán | ||
| 336 |
_atext _btxt _2rdacontent |
||
| 337 |
_abez média _bn _2rdamedia |
||
| 338 |
_azvazok _bnc _2rdacarrier |
||
| 500 | _aDočasný záznam – fyzická kópia ešte neprišla | ||
| 500 | _aVytvorené AI | ||
| 655 | 7 |
_aamerické romány _2SNKPH |
|
| 700 | 1 |
_aLamačková, Dorota _4trl |
|
| 942 |
_2ddc _cKLDO _n0 |
||
| 999 |
_c19975 _d19975 |
||